| 000 | 00674cam a2200217 4500 | ||
|---|---|---|---|
| 001 | J60798 | ||
| 008 | 000000n2000 000 0 eng u | ||
| 035 | _a(Sirsi) u105000 | ||
| 041 | _aENG | ||
| 050 | _a333.33 | ||
| 110 |
_aInsignia Richard Ellis _93847 |
||
| 245 | _aOffice market bulletin: Glasgow - Winter 1999/2000 - Summer 2000 - Winter 2000 | ||
| 260 |
_aLondon _bInsignia Richard Ellis _c2000 |
||
| 300 | _a3pt.. ; 30cm. | ||
| 650 | _aGLASGOW | ||
| 650 | _aPROPERTY-COMMERCIAL PROPERTY-OFFICE PROPERTY-OFFICE PROPERTY MARKET | ||
| 650 | _aOFFICES | ||
| 650 | _aSCOTLAND | ||
| 690 | _aPROPERTY-COMMERCIAL PROPERTY-COMMERCIAL PROPERTY MARKET | ||
| 942 | _n0 | ||
| 999 |
_c100316 _d100316 |
||